000 01055cam a2200265 a 4500
005 20260311201906.0
008 960429s1997 mdu b 001 0 eng
020 _a0801853133
020 _a0801853141
_qpbk.
020 _a9780801853142
040 _aKABLIB
_cKABLIB
_erda
082 0 0 _a324.63
_223
_bPRE
245 0 0 _aPresidential institutions and democratic politics :
_bcomparing regional and national contexts /
_cedited by Kurt von Mettenheim.
260 _aBaltimore, MD :
_bThe Johns Hopkins University Press,
_cc1997.
300 _ax, 303 p. ;
_c23 cm.
504 _aIncludes bibliographical references (p. [247]-290), index.
650 0 _aPresidents.
650 0 _aDemocracy.
650 0 _aSeparation of powers.
_915727
650 0 _aComparative government.
_910142
700 1 _aMettenheim, Kurt von,
_d1957-
_915728
856 4 2 _3Contributor biographical information
_uhttp://www.loc.gov/catdir/bios/jhu051/96021694.html
856 4 2 _3Publisher description
_uhttp://www.loc.gov/catdir/description/jhu052/96021694.html
942 _2ddc
_cBOOK
999 _c6185
_d6185